000 00435cam a2200181ua 4500
020 _c5.00
041 _ahin
_h
082 _a891.54
_bPAD/VR
100 _aPadmasingh, Sharma .
245 _aVrundavanlal varma /
_cPadmasingh sharma.
_hTextual Documents
250 _a1 /
_b.
260 _aDelhi :
_bBansal and company ,
_c1961.
300 _a216 ; .
365 _a5.00
504 _a
942 _cBK
999 _c8390
_d8390